Normal view
MARC view
- Android App Development: Android Development for Beginners to learn Andriod Technology, SQLite,Firebase and Unity
Entry Topical Term
001 - CONTROL NUMBER
- control field: 6443
003 - CONTROL NUMBER IDENTIFIER
- control field: JO-AjAnu
005 - DATE AND TIME OF LATEST TRANSACTION
- control field: 20230606071338.0
008 - FIXED-LENGTH DATA ELEMENTS
- fixed length control field: 230606|| aca||aabn | a|a d
040 ## - CATALOGING SOURCE
- Original cataloging agency: JO-AjAnu
- Transcribing agency: JO-AjAnu
150 ## - HEADING--TOPICAL TERM
- Topical term or geographic name entry element: Android App Development: Android Development for Beginners to learn Andriod Technology, SQLite,Firebase and Unity
670 ## - SOURCE DATA FOUND
- Source citation: Work cat.: (JO-AjAnu)3338: Mishra, Sujit Kumar, author 6442, fundamental of Android App Development: Android Development for Beginners to learn Andriod Technology, SQLite,Firebase and Unity